000
00326nam a2200121Ia 4500
008
191201s2012 xx 000 0 und d
100
_a
MOHANTY, Biswaranjan
245
0
_a
Comparative Politics and Political Analysis MA(F)REV
260
_a
N. Delhi
_b
Vikas Pub
_c
2012
300
_a
288
650
_a
General Books
942
_2
ddc
_c
BK
999
_c
247
_d
247